000 01766nam a2200313 a 4500
001 000027096
003 DO-SdBPM
005 20241105101119.0
008 110329s1980 dr 000 | spa d
040 _aDO-SdBPM
_bspa
_cBPMSU
082 4 _a972.9301
_bV443v 1980
_222
100 1 _aVeloz Maggiolo, Marcio,
_d1936-2021
100 z _a Maggiolo, Marcio Veloz
245 1 0 _aVida y cultura de la prehistoria de Santo Domingo.
260 _aSan Pedro de Macorís, República Dominicana :
_bEdiciones de la UCE,
_c1980.
300 _a169 p. :
_bil. ;
_c24 cm.
490 0 _aCientífica,
_v10
500 _aIncluye referencias bibliográficas y notas al pie de las páginas.
505 0 _gIntroducción --
_gI:
_tLos poblamientos aborígenes de la Isla Española --
_tNota sobre modelos económicos de ocupación prehistórica en la Isla de Santo Domingo --
_tArte indígena y economía en Santo Domingo --
_tVariantes productivas de los agricultores precolombinos antillanos --
_tAcerca del Sistema de Aprendizaje en la Sociedad Indígena Antillana --
_gII:
_tLa arqueología como ciencia social /
_rDiana López de Molina --
_tComentarios a la ponencia --
_gIII:
_tSobre Ajes y batatas --
_tNotas sobre la historia arqueológica: Las Antillas --
_tLos materiales arqueológicos como fuentes para la investigación histórica.
590 _aInventariado, 2024/VM
650 4 _aArqueología e historia
650 4 _aArqueología indígena
650 4 _aArte precolombino
651 4 _aSanto Domingo (República Dominicana)
_xArqueología
651 4 _aRepública Dominicana
_xHistoria
_yÉpoca prehispànica, hasta 1492
710 2 _aUniversidad Central del Este (San Pedro de Macorís, República Dominicana)
910 _aVMateo V. Control de calidad BPMSU
942 _2ddc
_cBK
999 _c14846
_d14846